| 000 | 00375nam a22001697a 4500 | ||
|---|---|---|---|
| 003 | SGT | ||
| 020 | _a9781032518985 | ||
| 082 |
_a618.97 _bE25W |
||
| 100 | _aWOODFORD, HENRY J. | ||
| 245 | _aESSENTIALS GERIATRICS | ||
| 250 | _a4TH | ||
| 260 |
_aLONDON _bCRC PRESS PUB _c2025 |
||
| 300 | _a491 | ||
| 650 | _aGENERAL MEDICINE | ||
| 653 | _aGERIATRICS | ||
| 942 |
_2ddc _cBK |
||
| 999 |
_c31128 _d31128 |
||